| 000 | 00664nam a2200229 a 4500 | ||
|---|---|---|---|
| 005 | 20210219153251.0 | ||
| 008 | 991125n 000 0 u | ||
| 035 | _aUPN01000087349 | ||
| 100 | _aLowenthal, Francis | ||
| 222 | _aSCHOOL SCIENCE AND MATHEMATICS | ||
| 245 | _aMathematics induction in school : an illusion of rigor | ||
| 300 | _a233-238 | ||
| 362 | _a92, No. 5, 1992 | ||
| 505 | _aFebrero 1993 | ||
| 653 | 0 | _aCURRICULUM MATEMATICO | |
| 653 | 0 | _aDEMOSTRACION (MATEMATICAS) | |
| 653 | 0 | _aENSE\197ANZA MATEMATICA | |
| 653 | 0 | _aESCUELA SECUNDARIA (MATEMATICAS) | |
| 700 | _aTheodore, Eisenberg | ||
| 904 |
_aAC _b025160 |
||
| 905 | _aArticulo | ||
| 999 |
_c72537 _d72537 |
||